| 000 | 00501nam a2200169Ia 4500 | ||
|---|---|---|---|
| 008 | 240729s9999 xx 000 0 und d | ||
| 022 | _a2475-4765 | ||
| 245 | 4 | _aThe Journal of Working-Class Studies | |
| 260 | _aUnited States | ||
| 260 | _bWorking Class Studies Association | ||
| 650 | _a Industries. Land use. Labor | ||
| 650 | _a Labor. Work. Working class | ||
| 650 | _aSocial Sciences | ||
| 856 | _uhttps://doaj.org/toc/27b2fe60b8d84165b4db2389da440566 | ||
| 942 | _2ddc | ||
| 942 | _cDOAJEJ | ||
| 999 |
_c72413 _d72413 |
||
| 945 |
_a1 _bMadushi Gamage _c1 _dMadushi Gamage |
||